| 000 | 01611cam a22002294a 4500 | ||
|---|---|---|---|
| 005 | 20250605164111.0 | ||
| 008 | 250528s ||||||||||||||||||||||||d | ||
| 035 | _a17897 | ||
| 020 | _a750642076 | ||
| 040 |
_aGR-AtMCL _bgre _dGR-AtMCL _eAACR2 |
||
| 245 | 1 | _aBusiness Strategy / An Introduction | |
| 250 | _a1st | ||
| 260 |
_bButterworth Heinemann, _c1999 |
||
| 300 | _a334 | ||
| 520 | _aA relevant and accessible textbook for undergraduate business students who are new to the subject. Straightforward Explanations of Complex Issues, Key Concepts Clearly Highlighted, Includes most Recent Research, Cases to Cover Each Area of Theory Discussed. Acknowledgements, An Introduction to the Strategic Process, Strategy and Strategic Objectives, Internal Analysis, The Business Organization - Competences and Activities, Human Resources and Culture, Financial Analysis and Performance Indicators, Products and Markets, External Analysis, Analysis of the Macroenvironment, Analysis of the Competitive Analysis, Strategies - Core Competence and Generic and Hybrid Strategies, Strategic Implementation and Management, Evaluation and Selection of Strategies, Strategic Implementation, Strategic Development, Quality and Operations and Performance and Benchmarking, International and Global Strategies, Social Responsibility and Business Ethics, Strategic Management - Present and Future Trends, The Case Studies and Scenarios, Glossary, Index. | ||
| 700 | 1 |
_aCambell David _94196 |
|
| 700 | 1 |
_aHouston Bill _94197 |
|
| 700 | 1 |
_aStonehouse George _94198 |
|
| 942 | _cBK | ||
| 999 |
_c3296 _d3296 |
||